Subjetividad y Cultura No. 4 · abril 1995 /

Subjetividad y Cultura, revista mexicana de psicología, cuyo título busca expresar la relación sujeto-sociedad como centro de la praxis profesional del campo y eje de los problemas disciplinarios específicos. El número 4 (abril de 1995) está formado por las siguientes secciones y colaboraciones: I)...

Descripció completa

Guardat en:
Dades bibliogràfiques
Altres autors: Campuzano, Mario (dirección) (dirección), Guinsberg, Enrique (dirección) (dirección), Matrajt, Miguel (dirección) (dirección)
Format: Llibre
Idioma:espanyol
Publicat: México : Plaza y Janés, 1995
Col·lecció:(Subjetividad y Cultura ; 4)
Matèries:
Etiquetes: Afegir etiqueta
Sense etiquetes, Sigues el primer a etiquetar aquest registre!

MARC

LEADER 00000nam^a2200000^a^4500
001 000630261
005 20260410000000.0
009 20260410195519.089
020 |a 968-856-414-1 
037 |a Acervo ITESO - Biblioteca 
041 |a ESP 
082 |a 150. 5  |b SUB V. 4 
240 1 0 |a [Subjetividad y Cultura] 
245 0 0 |a Subjetividad y Cultura No. 4 · abril 1995 /  |c Dir. de M. Campuzano, E. Guinsberg. M. Matrajt. 
264 1 |a México :  |b Plaza y Janés,  |c 1995 
300 |a 120 p. 
336 |a texto  |b txt  |2 rdacontenido 
337 |a sin mediación  |b n  |2 rdamedio 
338 |a volumen  |b nc  |2 rdasoporte 
440 1 |a (Subjetividad y Cultura ;  |v 4) 
520 |a Subjetividad y Cultura, revista mexicana de psicología, cuyo título busca expresar la relación sujeto-sociedad como centro de la praxis profesional del campo y eje de los problemas disciplinarios específicos. El número 4 (abril de 1995) está formado por las siguientes secciones y colaboraciones: I) Este número. II) Textos: 1) La corriente hegemónica en salud mental, por Miguel Matrajt Karsemboin, codirector de la revista; 2) Diferentes modelos en el análisis institucional: revisión y evaluación crítica, por Laura Mejía y Mario Campuzano Montoya, codirector de la publicación, y 3) La sesión prolongada en el análisis grupal, por Olga M. Nieto Z. III) Ensayos sobre la actual crisis en México: 4) Viaje a través de los fanstasmas de la crisis mexicana, por Jussara Teixeira; 5) Insurgencia en Chiapas: movilización psíquica y social, por Juan Vives; 6) Lo "psi" en las guerras de Chiapas, por Carlos Rodríguez Ajenjo, y 7) Del olvido a la violencia, y de la violencia al mito: reflexiones psicoanalíticas sobre el proceso político en nuestro país, por Reyna Hernández y Juan Tubert-Oklander. 
520 |a IV) Bibliográficas: 8) "Entre dos siglos: una lectura psicoanalítica de la posmodernidad", de María Cristina Rojas y Susana Sternbach, por Enrique Guinsberg, codirector de la revista; 9) "Un intérprete en busca de sentido", de Piera Aulagnier, por María Martha Elizalde López; 10) "Autour du 'modèle' japonais", de Helena Sumiko Hirata (editora), por M. Matrajt Karsemboin; 11) Libro polémico: "La promesa incumplida de Erich Fromm", de Víctor Saavedra, por Mauricio Cortina, Hernán Solís Garza y Guillermo Delahanty Matuk; 12) Guía bibliográfica sobre trabajo y salud mental y 13) Publicaciones recibidas. V) Noticias y comentarios: 14) Lo macro y lo micro en el Congreso de FLAPAG (Federación Latinoamericana de Psicoterapia Analítica de Grupo), por E. Guinsberg y M. Campuzano Montoya; 15) Revista electrónica latinoamericana; 16) De eso tampoco se habla: el analizador dinero y el problema de la implicación, por Alfredo Grande; 17) Acerca de medios de comunicación y construcción de la realidad, por E. Guinsberg; 18) Crisis económica en México, por M. Campuzano Montoya; 19) VI Encuentro en La Habana y 20) Diplomado en Salud Mental en Querétaro, por Rafael Ruiz. 
567 |a Catalogación rápida 
649 |a XX 
650 |a Subjetividad (Psicología) -  |x Aspectos Sociales y Culturales -  |x Publicaciones Periódicas 
650 |a Psicología -  |x Publicaciones Periódicas -  |x Tema Principal 
650 |a Publicaciones Periódicas Mexicanas 
650 |a Publicaciones Periódicas 
700 |a Campuzano, Mario  |e (dirección) 
700 |a Guinsberg, Enrique  |e (dirección) 
700 |a Matrajt, Miguel  |e (dirección) 
910 |a Fondo Castillo-Martínez 
920 |a Impresos - Libros 
930 |a Fondos Especiales 
905 |a 127 
901 |a 630261-10  |b IT2  |c ESP  |i D129776  |u 20260410 
902 |a https://opac.biblio.iteso.mx/vufind/Record/000630261